| 000 | 00418nam a22001577a 4500 | ||
|---|---|---|---|
| 008 | 230525b |||||||| |||| 00| 0 eng d | ||
| 040 |
_aNational Science Library _cNational Science Library |
||
| 080 |
_a595.72 _bL2 |
||
| 100 |
_aBaron, Stanley _99935 |
||
| 245 | _aDesert locust | ||
| 260 |
_aLondon: _bEyre Methuen, _c1972 |
||
| 300 | _axiii, 228p. | ||
| 650 | _aLocust | ||
| 653 | _aDesert | ||
| 942 |
_2udc _cBK |
||
| 999 |
_c34708 _d34708 |
||